00801nam a22002297a 4500999001500000001000600015003000900021005001700030008004100047020001500088040003800103082001600141100001900157245011000176260003900286300002900325650003600354650002900390700002000419942001300439952011900452 c3851d385117910BD-DhUAP20200312154000.0200312s1999 enk||||| |||| 00| 0 eng d a0140512276 aBD-DhUAPbEngcBD-DhUAPdBD-DhUAP 223a803 CUD aCuddon, J. A.  aThe Penguin dictionary of literary terms and literary history /cJ. A. Cuddon ; revised by C. E. Preston. aLondon : bPenguin Books, cc1999. axix, 991 pages ;c22 cm. aEncyclopedias and dictionaries. aLiteraturevTerminology. aPreston, C. E.  2ddccREF 00102ddc4070aUAPCLbUAPCLcGeneral Stacksd2020-03-12oREF 803 CUDp3010017910r2020-03-12t1w2020-03-12yREF